| 000 | 00472nam a2200181Ia 4500 | ||
|---|---|---|---|
| 008 | 170203s9999 xx 000 0 und d | ||
| 020 | _a9713620577 | ||
| 050 | _aFic | ||
| 050 | _b.C987f 2006 | ||
| 100 | _aCustodio, R.M. | ||
| 245 | _aFish Story / | ||
| 260 | _aManila, Philippines | ||
| 260 | _bS.G.E. Publishing, Inc., | ||
| 260 | _c2006 | ||
| 440 | _aThe day I Encounted A Monstrous Giant Fish Who Hated my Jokes | ||
| 650 | _aFishes-- | ||
| 650 | _xFiction. | ||
| 999 |
_c306031 _d306031 |
||